000 00647cam a22002293a 4500
001 22252
003 PGUSA
005 20140828083455.0
008 070806s2007||||xxu|||||s|||||000 | eng d
040 _aPGUSA
_beng
042 _adc
050 4 _aPZ
100 1 _aAbbott, Jacob,
_d1803-1879
245 1 0 _aRollo on the Atlantic
_h[electronic resource] /
_cJacob Abbott
260 _bProject Gutenberg,
_c2007
506 _aPublic domain in the USA.
516 _aElectronic text
653 _aVoyages and travels -- Juvenile literature
830 0 _aProject Gutenberg
_v22252
856 4 0 _uhttp://www.gutenberg.org/ebooks/22252
942 _cEB
999 _c251507
_d251507